| 000 | 00378nam a2200133Ia 4500 | ||
|---|---|---|---|
| 008 | 240624s9999 xx 000 0 und d | ||
| 041 | _aeng | ||
| 082 | _a658.4063 JOH | ||
| 100 | _aJOHNSTON ROBERT E | ||
| 245 | _aPOWER OF STRATEGY INNOVATION A NEW WAY OF LINKING CREAT | ||
| 260 |
_c2008 _aNew Delhi _bPrentice-Hall of India |
||
| 300 | _a286 : p. : cm. ; 24 | ||
| 365 |
_cRS _b35 |
||
| 999 |
_c12267 _d12267 |
||